Apuntes para una historia del periodismo feminista en Guatemala /

保存先:
書誌詳細
第一著者: Cofiño K, Anamaría
フォーマット: テキスト
主題:
タグ: タグ追加
タグなし, このレコードへの初めてのタグを付けませんか!

MARC

LEADER 00000 a a2200000 04500
001 9008
003
040
100 |a Cofiño K, Anamaría  
245 |a Apuntes para una historia del periodismo feminista en Guatemala /  |c Anamaría Cofiño K  
500 |a Resumen también en francés páginas 32  
650 |a PRENSA  
650 |a MUJERES  
650 |a PERIODISTAS  
650 |a FEMINISMO  
650 |a HISTORIA  
650 |a GUATEMALA  
773 |g número 197; páginas 23-31  
999 |c 27455  |d 27455